| Tag |
First Indicator |
Second Indicator |
Subfields |
| LEADER |
00000cam a2200000Ma 4500 |
| 001 |
in00003509607 |
| 006 |
m o d |
| 007 |
cr unu|||||||| |
| 008 |
940104s1993 gw a ob 101 0 eng d |
| 005 |
20260420201240.2 |
| 019 |
|
|
|a 476327560
|a 721874801
|a 761167124
|
| 020 |
|
|
|a 3798509557 (FRG)
|
| 020 |
|
|
|a 9783798509559 (FRG)
|
| 020 |
|
|
|a 0387914544 (USA)
|
| 020 |
|
|
|a 9780387914541 (USA)
|
| 020 |
|
|
|a 9783798516762 (electronic bk.)
|
| 020 |
|
|
|a 3798516766 (electronic bk.)
|
| 024 |
7 |
|
|a 10.1007/BFb0118460
|2 doi
|
| 035 |
|
|
|a (OCoLC)327057174
|z (OCoLC)476327560
|z (OCoLC)721874801
|z (OCoLC)761167124
|
| 040 |
|
|
|a SCPER
|b eng
|e pn
|c CUSER
|d OCLCQ
|d UIU
|d OCLCQ
|d OCLCE
|d OCLCQ
|d OCLCO
|d GW5XE
|d OCLCF
|d OCLCO
|d OCLCQ
|d COO
|d OCLCO
|d UtOrBLW
|
| 042 |
|
|
|a dlr
|
| 049 |
|
|
|a TXAM
|
| 050 |
|
4 |
|a QD549
|b .T73 1993
|
| 060 |
|
4 |
|a W1 PR668HN v.93 1993
|
| 082 |
0 |
4 |
|a 541.345
|2 20
|
| 084 |
|
|
|a 35.80
|2 bcl
|
| 084 |
|
|
|a 35.18
|2 bcl
|
| 245 |
0 |
0 |
|a Trends in colloid and interface science VII /
|c guest editors P. Laggner, O. Glatter.
|
| 264 |
|
1 |
|a Darmstadt :
|b Steinkopff Verlag ;
|a New York :
|b Springer-Verlag,
|c 1993.
|
| 300 |
|
|
|a 1 online resource (xi, 388 pages) :
|b illustrations.
|
| 336 |
|
|
|a text
|b txt
|2 rdacontent
|
| 337 |
|
|
|a computer
|b c
|2 rdamedia
|
| 338 |
|
|
|a online resource
|b cr
|2 rdacarrier
|
| 490 |
1 |
|
|a Progress in colloid & polymer science,
|x 0340-255X ;
|v v. 93
|
| 500 |
|
|
|a "It presents the current and outstanding contributions of the VI. European colloid and interface society (ECIS) conference, held in Graz, Austria, in 1992."
|
| 504 |
|
|
|a Réf. bibliogr. Index.
|
| 538 |
|
|
|a Master and use copy. Digital master created according to Benchmark for Faithful Digital Reproductions of Monographs and Serials, Version 1. Digital Library Federation, December 2002.
|u http://purl.oclc.org/DLF/benchrepro0212
|5 MiAaHDL
|
| 583 |
1 |
|
|a digitized
|c 2011
|h HathiTrust Digital Library
|l committed to preserve
|2 pda
|5 MiAaHDL
|
| 588 |
|
|
|a Description based on print version record.
|
| 500 |
|
|
|a Electronic resource.
|
| 650 |
|
0 |
|a Colloids
|v Congresses.
|
| 650 |
|
0 |
|a Chemistry, Physical and theoretical
|v Congresses.
|
| 650 |
|
2 |
|a Colloids
|v Congresses.
|
| 650 |
|
2 |
|a Chemistry, Physical
|v Congresses.
|
| 650 |
|
6 |
|a Chimie des surfaces.
|
| 650 |
|
6 |
|a Colloïdes.
|
| 650 |
|
7 |
|a Chemistry, Physical and theoretical.
|2 fast
|0 (OCoLC)fst00853521
|
| 650 |
|
7 |
|a Colloids.
|2 fast
|0 (OCoLC)fst00868334
|
| 650 |
1 |
7 |
|a Colloïden.
|2 gtt
|
| 650 |
1 |
7 |
|a Polymeren.
|2 gtt
|
| 650 |
|
7 |
|a Colloïdes.
|2 ram
|
| 650 |
|
7 |
|a Chimie des surfaces.
|2 ram
|
| 655 |
|
7 |
|a Electronic books.
|2 local
|
| 655 |
|
7 |
|a Conference proceedings.
|2 fast
|0 (OCoLC)fst01423772
|
| 700 |
1 |
|
|a Laggner, P.,
|e editor.
|
| 700 |
1 |
|
|a Glatter, O.,
|e editor.
|
| 710 |
2 |
|
|a SpringerLink (Online service)
|
| 776 |
1 |
|
|t Trends in colloid and interface science VII.
|d Darmstadt : Steinkopff Verlag ; New York : Springer-Verlag, 1993
|z 3798509557
|w (OCoLC)29570878
|
| 830 |
|
0 |
|a Progress in colloid & polymer science ;
|v v. 93.
|x 0340-255X
|
| 856 |
4 |
0 |
|u http://proxy.library.tamu.edu/login?url=https://link.springer.com/10.1007/BFb0118460
|z Connect to the full text of this electronic book
|t 0
|
| 994 |
|
|
|a 92
|b TXA
|
| 999 |
|
|
|a MARS
|
| 999 |
f |
f |
|s 1e9e02c3-9f81-391d-8b9b-a7be420801f5
|i 33a1d32c-7475-3195-a2a1-cea19b475e3e
|t 0
|
| 952 |
f |
f |
|a Texas A&M University
|b College Station
|c Electronic Resources
|s www_evans
|d Available Online
|t 0
|e QD549 .T73 1993
|h Library of Congress classification
|
| 998 |
f |
f |
|a QD549 .T73 1993
|t 0
|l Available Online
|